| 000 -LEADER |
| fixed length control field |
01781cam a2200373 4500 |
| 001 - CONTROL NUMBER |
| control field |
4122261 |
| 003 - CONTROL NUMBER IDENTIFIER |
| control field |
NUST |
| 005 - DATE AND TIME OF LATEST TRANSACTION |
| control field |
20190905063213.0 |
| 008 - FIXED-LENGTH DATA ELEMENTS--GENERAL INFORMATION |
| fixed length control field |
700115s1969 dcuab b 000 0 eng |
| 010 ## - LIBRARY OF CONGRESS CONTROL NUMBER |
| LC control number |
75602873 |
| 038 ## - RECORD CONTENT LICENSOR |
| Staff Name |
M.SOHAIL |
| 040 ## - CATALOGING SOURCE |
| Original cataloging agency |
DLC |
| Transcribing agency |
DLC |
| Modifying agency |
DLC |
| 050 00 - LIBRARY OF CONGRESS CALL NUMBER |
| Classification number |
TE7 |
| Item number |
.N25 no. 70 |
| 082 00 - DEWEY DECIMAL CLASSIFICATION NUMBER |
| Classification number |
380.5 |
| Author Mark |
HRB |
| 110 2# - MAIN ENTRY--CORPORATE NAME |
| Corporate name or jurisdiction name as entry element |
Vogt, Ivers & Associates. |
| 9 (RLIN) |
19973 |
| 245 10 - TITLE STATEMENT |
| Title |
Social and economic factors affecting intercity travel. |
| 260 ## - PUBLICATION, DISTRIBUTION, ETC. |
| Place of publication, distribution, etc. |
[Washington] |
| Name of publisher, distributor, etc. |
Highway Research Board, National Research Council, |
| Date of publication, distribution, etc. |
1969. |
| 300 ## - PHYSICAL DESCRIPTION |
| Extent |
68 p. |
| Other physical details |
illus., maps. |
| Dimensions |
28 cm. |
| 350 ## - PRICE (NR) (BK AM CF MU VM SE) [OBSOLETE] |
| Price |
3.00 |
| 490 1# - SERIES STATEMENT |
| Series statement |
National Cooperative Highway Research Program. Report ; |
| Volume/sequential designation |
70 |
| 490 1# - SERIES STATEMENT |
| Series statement |
NAS-NRC publication 1745. |
| 500 ## - GENERAL NOTE |
| General note |
"NCHRP project 8-1 FY '64." |
| 500 ## - GENERAL NOTE |
| General note |
"Research sponsored by the American Association of State Highway Officials in cooperation with the Bureau of Public Roads." |
| 500 ## - GENERAL NOTE |
| General note |
Copy 2 bound with: National Cooperative Highway Research Program. Report no. 71-no. 77, subsequent to publication. |
| 501 ## - WITH NOTE |
| With note |
Copy 1 with: Evaluation of construction control procedures / S. B. Hudson and H. F. Waller. Washington : Highway Research Board, Division of Engineering, National Research Council, 1969. Bound together subsequent to publication. |
| Institution to which field applies |
DLC |
| 504 ## - BIBLIOGRAPHY, ETC. NOTE |
| Bibliography, etc. note |
Includes bibliographies. |
| 650 #0 - SUBJECT ADDED ENTRY--TOPICAL TERM |
| Topical term or geographic name entry element |
Origin and destination traffic surveys |
| Geographic subdivision |
United States. |
| 9 (RLIN) |
19974 |
| 710 2# - ADDED ENTRY--CORPORATE NAME |
| Corporate name or jurisdiction name as entry element |
American Association of State Highway Officials. |
| 9 (RLIN) |
19665 |
| 710 1# - ADDED ENTRY--CORPORATE NAME |
| Corporate name or jurisdiction name as entry element |
United States. |
| Subordinate unit |
Bureau of Public Roads. |
| 9 (RLIN) |
19975 |
| 830 #0 - SERIES ADDED ENTRY--UNIFORM TITLE |
| Uniform title |
Report (National Cooperative Highway Research Program) ; |
| Volume/sequential designation |
70. |
| 9 (RLIN) |
19976 |
| 830 #0 - SERIES ADDED ENTRY--UNIFORM TITLE |
| Uniform title |
Publication (National Research Council (U.S.)) ; |
| Volume/sequential designation |
no. 1745. |
| 9 (RLIN) |
19977 |
| 906 ## - LOCAL DATA ELEMENT F, LDF (RLIN) |
| a |
7 |
| b |
cbc |
| c |
orignew |
| d |
u |
| e |
ncip |
| f |
19 |
| g |
y-gencatlg |
| 942 ## - ADDED ENTRY ELEMENTS (KOHA) |
| Source of classification or shelving scheme |
|
| Koha item type |
Book |